Military Standard Reliability Testing Engineering Development,Qualification,And Production (Record no. 23541)
[ view plain ]
| 000 -LEADER | |
|---|---|
| fixed length control field | 00454nam a22000977a 4500 |
| 003 - CONTROL NUMBER IDENTIFIER | |
| control field | NUST |
| 005 - DATE AND TIME OF LATEST TRANSACTION | |
| control field | 20170607130125.0 |
| 008 - FIXED-LENGTH DATA ELEMENTS--GENERAL INFORMATION | |
| fixed length control field | 131217b xxu||||| |||| 00| 0 eng d |
| 020 ## - INTERNATIONAL STANDARD BOOK NUMBER | |
| Terms of availability | Available |
| 040 ## - CATALOGING SOURCE | |
| Original cataloging agency | DLC |
| Language of cataloging | DLC |
| Transcribing agency | RCMS |
| 082 ## - DEWEY DECIMAL CLASSIFICATION NUMBER | |
| Classification number | 621.381 DEF |
| 100 ## - MAIN ENTRY--PERSONAL NAME | |
| Personal name | Department of Defense |
| 9 (RLIN) | 2150 |
| 245 ## - TITLE STATEMENT | |
| Title | Military Standard Reliability Testing Engineering Development,Qualification,And Production |
| Statement of responsibility, etc. | Department of Defense |
| 260 ## - PUBLICATION, DISTRIBUTION, ETC. | |
| Place of publication, distribution, etc. | United States of America |
| Name of publisher, distributor, etc. | Department of Defense |
| Date of publication, distribution, etc. | 21 March 1977 |
| 300 ## - PHYSICAL DESCRIPTION | |
| Extent | 100,p: |
| Other physical details | ill: |
| Dimensions | 30,cm. |
| 538 ## - SYSTEM DETAILS NOTE | |
| Display text | Shelf No 1 Row No 3 |
| 650 ## - SUBJECT ADDED ENTRY--TOPICAL TERM | |
| Topical term or geographic name entry element | Military Standard |
| 9 (RLIN) | 2168 |
| 856 ## - ELECTRONIC LOCATION AND ACCESS | |
| Materials specified | Table of Content Only |
| 942 ## - ADDED ENTRY ELEMENTS (KOHA) | |
| Source of classification or shelving scheme | |
| Koha item type | Book |
| Withdrawn status | Lost status | Source of classification or shelving scheme | Damaged status | Not for loan | Permanent Location | Current Location | Shelving location | Date acquired | Total Checkouts | Full call number | Barcode | Date last seen | Price effective from | Koha item type |
|---|---|---|---|---|---|---|---|---|---|---|---|---|---|---|
| School of Interdisciplinary Engineering and Sciences (SINES) | School of Interdisciplinary Engineering and Sciences (SINES) | General Stacks | 12/17/2013 | 621.381 DEF | RCMS002523 | 12/17/2013 | 12/17/2013 | Book |
